000 00987nam a2200229 i 4500
001 bg
245 0 0 _aSystemy komputerowe i sieci =
_bComputer systems and networks : projektowanie, zastosowanie, eksploatacja. T.1 /
_cpod red. Stanisława Paszczyńskiego.
260 _aRzeszów :
_bWydaw. WSIiZ,
_c2001.
300 _a134 s. :
_bil. ;
_c24 cm.
490 1 _aZeszyty Naukowe / Wyższa Szkoła Informatyki i Zarządzania,
_x1429-5237 ;
_v1/2001
500 _aW nagł. odm. tyt. serii: Zeszyty Naukowe Wyższej Szkoły Informatyki i Zarządzania w Rzeszowie. - Tekst częśc. ang., streszcz. pol., ang. po rozdz.
504 _aBibliogr. po ref.
650 9 _aSieć komputerowa
650 9 _aSystemy informatyczne
700 1 _aPASZCZYŃSKI, Stanisław.
_eRed.
830 0 _aZeszyty Naukowe (Wyższa Szkoła Informatyki i Zarządzania) ;
_v1/2001
040 _cBPK
041 0 _apoleng
_bpoleng
080 _a004.03:004.7
942 _cKS
008 s pl f |000 0 pol
999 _c42951
_d42951
856 _uhttp://koha.tu.koszalin.pl/cgi-bin/koha/opac-detail.pl?biblionumber=42951
_yKatalog online BPK